000 00378nam a2200121Ia 4500
008 231228s1994 xx 000 0 und d
041 _aeng
082 _a658.8`3
_bBIR
100 _aBIRIN (R.J.)
245 _aUsing Market Research to Grow your Business, How to Management Obtain Information they Need
260 _aLondon
_bPitman Publication London
_c1994
300 _aXXI,181
999 _c1085274
_d1085274